Liquidity management and profitability among online seller of Binangonan and more facebook page (Record no. 72869)
[ view plain ]
| 000 -LEADER | |
|---|---|
| fixed length control field | 00953nam a22002417a 4500 |
| 003 - CONTROL NUMBER IDENTIFIER | |
| control field | URS |
| 005 - DATE AND TIME OF LATEST TRANSACTION | |
| control field | 20240412222340.0 |
| 008 - FIXED-LENGTH DATA ELEMENTS--GENERAL INFORMATION | |
| fixed length control field | 240412b |||||||| |||| 00| 0 eng d |
| 100 ## - MAIN ENTRY--PERSONAL NAME | |
| Personal name | Lopez, Allysa Joy R. |
| Relator term | author |
| 245 ## - TITLE STATEMENT | |
| Title | <a href="Liquidity management and profitability among online seller of Binangonan and more facebook page">Liquidity management and profitability among online seller of Binangonan and more facebook page</a> |
| Statement of responsibility, etc | Allysa Joy R. Lopez, Renz Kevin R. Yson, Zaryll Alezandriah B. Santos |
| 260 ## - PUBLICATION, DISTRIBUTION, ETC. (IMPRINT) | |
| Date of publication, distribution, etc | 2023 |
| 300 ## - PHYSICAL DESCRIPTION | |
| Extent | xv, 133 leaves |
| Dimensions | 28 cm. |
| 336 ## - CONTENT TYPE | |
| Source | rdacontent |
| Content type term | text |
| 337 ## - MEDIA TYPE | |
| Source | rdamedia |
| Media type term | unmediated |
| 338 ## - CARRIER TYPE | |
| Source | rdacarrier |
| Carrier type term | volume |
| 500 ## - GENERAL NOTE | |
| General note | Undergraduate Thesis<br/> |
| 502 ## - DISSERTATION NOTE | |
| Degree type | Bachelor of Science in Business Administration major in Financial Management<br/> |
| Name of granting institution | University of Rizal System Binangonan<br/> |
| Year degree granted | 2023 |
| 504 ## - BIBLIOGRAPHY, ETC. NOTE | |
| Bibliography, etc | Includes bibliographical references. |
| 700 ## - ADDED ENTRY--PERSONAL NAME | |
| Personal name | Yson, Renz Kevin R. |
| Relator term | author |
| 700 ## - ADDED ENTRY--PERSONAL NAME | |
| Personal name | Santos, Zaryll Alezandriah B. |
| Relator term | author |
| 700 ## - ADDED ENTRY--PERSONAL NAME | |
| Personal name | Abelardo B. Ceñidoza, MAT |
| Relator term | adviser |
| 942 ## - ADDED ENTRY ELEMENTS (KOHA) | |
| Source of classification or shelving scheme | Library of Congress Classification |
| Koha item type | Theses and dissertations |
| Withdrawn status | Source of classification or shelving scheme | Damaged status | Not for loan | Home library | Current library | Shelving location | Date acquired | Total Checkouts | Barcode | Date last seen | Price effective from | Koha item type |
|---|---|---|---|---|---|---|---|---|---|---|---|---|
| Library of Congress Classification | Binangonan College Library | Binangonan College Library | Graduate School Theses & Dissertations | 04/12/2024 | URSBIN-UGT3081 | 04/12/2024 | 04/12/2024 | Theses and dissertations |